Poesia italiana del Novecento

Tallennettuna:
Bibliografiset tiedot
Päätekijä: Krumm Ermanno
Aineistotyyppi: Kirja
Kieli:määrittelemätön
Julkaistu: Milano Skira 1995
Tagit: Lisää tagi
Ei tageja, Lisää ensimmäinen tagi!

MARC

LEADER 00000nam a2200000Ia 4500
001 264
003 NUMERAZIONE-ORIGINALE-BRESCIA
005 20260206230751.0
008 260206s9999 xx 000 0 und d
100 |a Krumm Ermanno 
245 0 |a Poesia italiana del Novecento 
260 |a Milano 
260 |b Skira 
260 |c 1995 
500 |a A cura di Ermanno Krumm e Tiziano Rossi 
942 |2 ddc  |c BK  |n 0 
952 |0 0  |1 0  |2 ddc  |4 0  |6 25  |7 0  |9 28462  |a BS  |b BS  |d 2026-02-06  |i 264  |l 0  |o 2-5-*  |r 2026-02-06 22:40:36  |w 2026-02-06  |x [REVISIONARE]  |y BK 
999 |c 24142  |d 24142